Quiz sur le 17e arrondissement de Paris - Statistiques

Statistiques générales
  • Ce quiz a été pris 37 fois
    19 depuis la dernière actualisation
  • Le résultat moyen est 11 sur 20
Statistiques - réponses
Question Réponse % Correct
Quelle ville voisine du 17e arrondissement a eu Patrick Balkany comme maire pendant près de 31 ans ? Levallois-Perret
81%
À quelle porte se situe le nouveau tribunal judiciaire de Paris depuis 2018 ? Porte de {Clichy}
81%
Quartiers administratifs Batignolles
75%
Nom de l'arrondissement Batignolles-Monceau
75%
Depuis une dizaine d'années, la partie Est de l'arrondissement (Batignolles, Épinettes) est particulièrement sujette à ce phénomène social où les classes aisées remplacent les classes populaires Gentrification
75%
Quelle grande école de commerce, située à Jouy-en-Josas depuis 1964, résidait à l'origine au 49 rue de Tocqueville ? HEC Paris
75%
Pour quel évènement, dont Paris avait candidaté pour son organisation en 2012, a été lancé le projet d'aménagement Clichy-Batignolles, sur d'anciennes friches SNCF ? Les Jeux Olympiques d'été
75%
Quel duo casqué de musique électronique français ont effectué leurs études au lycée Carnot ? Daft Punk
69%
Quel militant américain pour les droits civiques donne son nom au parc des Batignolles ? Martin Luther King
69%
Quelle gare se situe sur l'axe ferroviaire de Saint-Lazare mais n'est desservie que par la ligne 14 et par la ligne L du Transilien ? Pont {Cardinet}
63%
Quel écrivain français, ayant eu une relation sulfureuse avec Arthur Rimbaud, est enterré au cimetière des Batignolles ? Paul Verlaine
56%
Quelle famille composée par Thomas, Alexandre père et Alexandre fils est mise à l'honneur avec 3 statues sur la place du Général-Catroux ? La famille Dumas
50%
Quelle salle de spectacles et centre d'affaires situé à Porte Maillot a vu la première représentation de Starmania en 1979 ? Le palais des congrès
50%
Quelle actrice française, ayant notamment joué dans la trilogie de Jacques Demy, est née à la Cité des Fleurs avec sa soeur Florence Dorléac ? Catherine Deneuve
38%
Quartiers administratifs Épinettes
38%
Quartiers administratifs Ternes
38%
Quartiers administratifs Plaine-de-Monceaux
31%
Quelle école d'autoformation de développeurs informatiques, dont le nom fait référence au Guide du voyageur galactique, a été co-fondée par Xavier Niel ? 42
25%
Quel jeune résistant communiste fut fusillé à l'âge de 17 ans avec 47 autres otages, en représailles de la mort de Karl Hotz ? Guy Môquet
25%
Quelle église à l'architecture byzantine et recouverte de briques roses possède le plus haut clocher de Paris à 72 mètres ? L'église Sainte-Odile
25%
Aucun quiz correspondant
Distribution des résultats
% des personnes avec chaque résultat
Percentile par nombre de réponses
Votre historique - résultats
Vous n’avez pas pris ce quiz depuis la dernière actualisation